Pregão eletrônico : (Record no. 87)

MARC details
000 -LÍDER
Campo Fixo de Controle 01030cam a2200277 a 4500
001 - NÚMERO DE CONTROLE
Campo de Controle 87
003 - IDENTIFICAÇÃO DO NÚMERO DE CONTROLE
Campo de Controle BR-CuiBMT
005 - DATA E HORA DA ÚLTIMA ATUALIZAÇÃO
Campo de Controle 20231111001602.0
008 - DADOS FIXOS
Dados Fixos 230810s2020 mgba 000 0 por d
020 ## - INTERNATIONAL STANDARD BOOK NUMBER
Nº do ISBN 9788545007647
040 ## - AGÊNCIA CATALOGADORA
Código da Agência Catalogadora BR-CuiBMT
Agência que transcreveu o registro BR-CuiBMT
080 ## - Nº DA CLASSIFICAÇÃO DECIMAL UNIVERSAL
Nº edição CDU 2007
Nº Class. CDU 351.712
090 ## - NÚMERO DE CHAMADA
Nº classificação 351.712
Cutter O48p
100 1# - ENTRADA PRINCIPAL -- AUTOR PESSOAL
Nome pessoal Oliveira, Rafael Sérgio Lima de
245 10 - TÍTULO PRINCIPAL
Título principal Pregão eletrônico :
Subtítulo comentários ao decreto federal n° 10.024/2019 /
Indicação de responsabilidade Rafael Sérgio Lima de Oliveira, Victor Aguiar Jardim de Amorim ; prefácio, Fabrício Macedo Motta.
260 ## - PUBLICAÇÃO, DISTRIBUIÇÃO, ETC.
Local de publicação Belo Horizonte :
Editora Fórum,
Data 2020.
300 ## - DESCRIÇÃO FÍSICA
N. páginas ou volumes 263 p. :
Ilustrações il. ;
Dimensões 22 cm
504 ## - NOTA DE BIBLIOGRAFIA, ETC.
Nota de bibliografia Inclui bibliografia.
590 ## - NOTA LOCAL
Campo de ligação e número de sequência A Biblioteca possui 2. reimpr. 2020.
610 ## - ASSUNTO -- ENTIDADE
Nome da Entidade ou lugar Brasil.
Título da publicação Decreto n. 10.024, de 20 de setembro de 2019
650 ## - ASSUNTO TÓPICO
Cabeçalho tópico ou nome geográfico Pregão eletrônico
Subdivisão de forma Legislação
Subdivisão geográfica Brasil
650 ## - ASSUNTO TÓPICO
Cabeçalho tópico ou nome geográfico Pregoeiro
Subdivisão geral Direitos e deveres
Subdivisão geográfica Brasil
650 ## - ASSUNTO TÓPICO
Cabeçalho tópico ou nome geográfico Sanção administrativa
Subdivisão geral Licitação
Subdivisão geográfica Brasil
700 1# - ENTRADA SECUNDÁRIA -- NOME PESSOAL
Nome pessoal Amorim, Victor Aguiar Jardim de
942 ## - ELEMENTOS DE ENTRADA ADICIONAIS (KOHA)
Fonte de classificação ou esquema de arquivamento Classificação Decimal Universal
Tipo de item do Koha Livros
Holdings
Estado: removido Estado: perdido Fonte de classificação ou esquema de arquivamento Estado: danificado Indisponível para empréstimo Localização permanente Localização atual Data de aquisição Total Checkouts Número de Chamada completo Código de barras Date last seen Número do exemplar Preço efetivo a partir de Tipo de item (Koha) Nota pública
    Classificação Decimal Universal     Biblioteca da Escola Superior de Contas do TCE/MT Biblioteca da Escola Superior de Contas do TCE/MT 28/06/2023   351.712 O48p BIBTCEMT23080063 10/08/2023 Ex. 1 10/08/2023 Livros 2. reimpr. 2020

Powered by Koha